The employment-real wage relationship in the tradeable sector: the case of developing countries
-д хадгалсан:
| Үндсэн зохиолч: | |
|---|---|
| Формат: | Ном |
| Хэл сонгох: | англи |
| Хэвлэсэн: |
Santiago
Univ. Católica de Chile, Inst. de Economía
1985
|
| Цуврал: | Documento de trabajo, 100
|
| Нөхцлүүд: | |
| Шошгууд: |
Шошго нэмэх
Шошго байхгүй, Энэхүү баримтыг шошголох эхний хүн болох!
|
MARC
| LEADER | 00000nam a2200000 a 4500 | ||
|---|---|---|---|
| 001 | UCX1740 | ||
| 003 | CL-VaPUC | ||
| 008 | 901029e19850000CL |||||||||||||||||eng|d | ||
| 082 | 0 | 4 | |a 331.29 |b LAR |2 21 |
| 100 | |a Larraín Bascuñán, Felipe |e autor |9 588048 | ||
| 245 | 1 | 4 | |a The employment-real wage relationship in the tradeable sector: the case of developing countries |
| 300 | |a 59 h | ||
| 942 | |c BK | ||
| 945 | |d 19901029 00:00:00 | ||
| 260 | |a Santiago |b Univ. Católica de Chile, Inst. de Economía |c 1985 | ||
| 650 | 7 | |a SALARIOS PAISES EN DESARROLLO |2 CL-VaPUC |9 317395 | |
| 650 | 7 | |a EMPLEO TEORIA ECONOMICA |2 CL-VaPUC |9 258664 | |
| 583 | |a last modification |c 19901029 00:00:00 |k Rodrigo Vera | ||
| 490 | 0 | |a Documento de trabajo, 100 | |
| 999 | |c 222907 |d 222905 | ||